Standorte der Feuerwehr München - Statistiken

Allgemein
  • Dieses Quiz wurde 24 mal gespielt
  • Das Durchschnittsergebnis liegt bei 13 aus 31
Antwortstatistiken
Standort der Wache % Korrekt
Feuerwache 4 Schwabing
71%
Feuerwache 6 Pasing
67%
Feuerwache 2 Sendling
62%
Freiw. Feuerwehr Sendling
62%
Feuerwache 7 Milbertshofen
57%
Freiw. Feuerwehr Stadtmitte
57%
Freiw. Feuerwehr Aubing
52%
Freiw. Feuerwehr Freimann
52%
Feuerwache 10 Riem
52%
Freiw. Feuerwehr Riem
52%
Freiw. Feuerwehr Trudering
52%
Freiw. Feuerwehr Perlach
48%
Freiw. Feuerwehr Feldmoching
43%
Freiw. Feuerwehr Moosach
43%
Feuerwache 9 Neuperlach
43%
Freiw. Feuerwehr Obermenzing
43%
Freiw. Feuerwehr Solln
43%
Freiw. Feuerwehr Allach
38%
Freiw. Feuerwehr Oberföhring
38%
Feuerwache 5 Ramersdorf
38%
Freiw. Feuerwehr Langwied-Lochhausen
33%
Freiw. Feuerwehr Waldperlach
33%
Freiw. Feuerwehr Waldtrudering
33%
Feuerwache 3 Westend
33%
Freiw. Feuerwehr Forstenried
29%
Freiw. Feuerwehr Großhadern
29%
Feuerwache 8 Föhring
24%
Feuerwache 1 Hauptfeuerwache
24%
Freiw. Feuerwehr Ludwigsfeld-Fasanerie
24%
Freiw. Feuerwehr Michaeliburg
24%
Freiw. Feuerwehr Harthof
19%
Keine übereinstimmenden Quizze gefunden
Verteilung der Resultate
Anzahl Personen mit jedem Resultat
Perzentil nach korrekt beantworteten Fragen
Ihre Resultats-Entwicklung
Sie haben dieses Quiz noch nicht gespielt